[Event "Titled Tuesday intern op 16th Jan Late"]
[Site "Chess.com INT"]
[Date "2024.01.16"]
[Round "3"]
[White "Pasti, Aron"]
[Black "Demina, Marya"]
[Result "1-0"]
[WhiteElo "2389"]
[BlackElo "1936"]
[PlyCount "99"]
[EventDate "2024.01.16"]
[EventType "swiss (blitz)"]
[EventRounds "11"]
[EventCountry "USA"]
[SourceTitle "CB04_2024"]
[SourceDate "2023.10.16"]
[SourceVersion "1"]
[SourceVersionDate "2023.10.16"]
[SourceQuality "1"]

1. e4 c6 2. d4 d5 3. Nc3 dxe4 4. Nxe4 Nf6 5. Nxf6+ exf6 6. c3 Be7 7. Bd3 Na6 8. Ne2 Nc7 9. Bf4 Nd5 10. Bg3 Bg4 11. Qc2 g6 12. 0-0-0 Bxe2 13. Qxe2 0-0 14. h4 h5 15. Bh2 Bd6 16. g4 Bxh2 17. Rxh2 Nf4 18. Qf3 Nxd3+ 19. Rxd3 Re8 20. gxh5 Re1+ 21. Kd2 Qe7 22. hxg6 fxg6 23. Rg2 Kf7 24. h5 g5 25. Rxg5 Re2+ 26. Qxe2 Qxe2+ 27. Kxe2 fxg5 28. Kf3 Kf6 29. Kg4 Re8 30. Re3 Rh8 31. Rf3+ Ke6 32. Kxg5 Rg8+ 33. Kh6 Rg2 34. Kh7 b5 35. h6 a5 36. Kh8 b4 37. cxb4 axb4 38. a4 bxa3 39. bxa3 Kd5 40. h7 Kxd4 41. Rf7 c5 42. Rg7 Rxf2 43. Kg8 Rh2 44. h8Q Rxh8+ 45. Kxh8 c4 46. a4 c3 47. a5 c2 48. Rc7 Kd3 49. a6 c1Q 50. Rxc1 1-0

[Event "Titled Tuesday intern op 16th Jan Late"]
[Site "Chess.com INT"]
[Date "2024.01.16"]
[Round "6"]
[White "Pasti, Aron"]
[Black "Syaputra, Arifa Rizki"]
[Result "0-1"]
[WhiteElo "2389"]
[BlackElo "2247"]
[PlyCount "90"]
[EventDate "2024.01.16"]
[EventType "swiss (blitz)"]
[EventRounds "11"]
[EventCountry "USA"]
[SourceTitle "CB04_2024"]
[SourceDate "2023.10.16"]
[SourceVersion "1"]
[SourceVersionDate "2023.10.16"]
[SourceQuality "1"]

1. e4 c5 2. Nf3 Nc6 3. d4 cxd4 4. Nxd4 g6 5. c4 Bg7 6. Be3 Nf6 7. Nc3 0-0 8. Be2 d6 9. 0-0 Nxd4 10. Bxd4 Be6 11. f4 Rc8 12. b3 Qa5 13. f5 Bd7 14. fxg6 fxg6 15. Nd5 Nxd5 16. Rxf8+ Rxf8 17. exd5 Rf4 18. Bxg7 Kxg7 19. Bf3 Qc5+ 20. Kh1 a5 21. Qe2 Rf7 22. a4 Qd4 23. Rd1 Qc3 24. Qd3 Qxd3 25. Rxd3 Bf5 26. Re3 h5 27. h3 Kf6 28. Kh2 h4 29. Be4 Bd7 30. g4 Kg5 31. Kg2 Rf4 32. Bd3 Kf6 33. Rf3 Rxf3 34. Kxf3 g5 35. Ke4 Be8 36. Kd4 b6 37. Kc3 Ke5 38. Bc2 Kf4 39. b4 Kg3 40. bxa5 bxa5 41. c5 dxc5 42. Kc4 Kxh3 43. Kxc5 Kxg4 44. Kb6 h3 45. Kxa5 Kf4 0-1

[Event "Titled Tuesday intern op 16th Jan Late"]
[Site "Chess.com INT"]
[Date "2024.01.16"]
[Round "8"]
[White "Pasti, Aron"]
[Black "Tristan, Leonardo"]
[Result "0-1"]
[WhiteElo "2389"]
[BlackElo "2515"]
[PlyCount "92"]
[EventDate "2024.01.16"]
[EventType "swiss (blitz)"]
[EventRounds "11"]
[EventCountry "USA"]
[SourceTitle "CB04_2024"]
[SourceDate "2023.10.16"]
[SourceVersion "1"]
[SourceVersionDate "2023.10.16"]
[SourceQuality "1"]

1. e4 d5 2. exd5 Qxd5 3. Nc3 Qa5 4. Bc4 Nf6 5. d3 Bg4 6. Nge2 Nc6 7. h3 Bd7 8. Be3 e6 9. Qd2 Bc5 10. 0-0-0 0-0-0 11. Ne4 Nxe4 12. dxe4 Qxd2+ 13. Kxd2 Be8+ 14. Bd3 Bb4+ 15. c3 Ne5 16. Kc2 Nxd3 17. Rxd3 Rxd3 18. Kxd3 Be7 19. Kc2 Ba4+ 20. b3 Bc6 21. f3 h5 22. Nd4 Be8 23. a4 h4 24. e5 Rh5 25. f4 g5 26. Rf1 gxf4 27. Bxf4 a6 28. Kd3 Rh7 29. Nf3 Bc6 30. Rf2 Rg7 31. Ke3 Bc5+ 32. Nd4 Bxg2 33. Bh6 Rg6 34. Kf4 Bxh3 35. Bg5 Bf5 36. Nxf5 Bxf2 37. Ne7+ Kd7 38. Nxg6 fxg6 39. Kg4 b5 40. axb5 axb5 41. Bxh4 Bxh4 42. Kxh4 Kc6 43. c4 bxc4 44. bxc4 Kc5 45. Kg5 Kxc4 46. Kxg6 Kd5 0-1

[Event "Rilton Cup 51st"]
[Site "Stockholm"]
[Date "2024.01.02"]
[Round "6"]
[White "Pasti, Aron"]
[Black "Krzywda, Andrzej"]
[Result "0-1"]
[WhiteElo "2410"]
[BlackElo "2234"]
[PlyCount "75"]
[EventDate "2023.12.27"]
[EventType "swiss"]
[EventRounds "9"]
[EventCountry "SWE"]
[SourceTitle "CB02_2024"]
[SourceDate "2024.01.10"]
[SourceVersion "1"]
[SourceVersionDate "2024.01.10"]
[SourceQuality "1"]

1. c4 e6 2. Nc3 d5 3. e3 Nf6 4. b3 Nbd7 5. Nf3 Bd6 6. d4 0-0 7. Bb2 a6 8. Bd3 b6 9. cxd5 exd5 10. 0-0 Bb7 11. Qc2 Re8 12. h3 Ne4 13. Nd2 Ndf6 14. Rfe1 Rc8 15. Rad1 Qe7 16. Ncxe4 dxe4 17. Be2 b5 18. a4 c6 19. Nf1 Nd5 20. Rc1 f5 21. axb5 cxb5 22. Qb1 Rcd8 23. f4 g5 24. fxg5 Qxg5 25. Kh1 f4 26. exf4 Nxf4 27. Ne3 Qg3 28. Qc2 Rf8 29. Bg4 Nd3 30. Be6+ Kh8 31. Ng4 Nf2+ 32. Kg1 Nxh3+ 33. Kh1 Nf2+ 34. Kg1 Nxg4 35. d5+ Be5 36. Bxe5+ Nxe5 37. Qb2 Rf6 38. Rxe4 0-1

[Event "HUN-ch"]
[Site "Budapest"]
[Date "2023.12.20"]
[Round "9"]
[White "Vajda, Szidonia"]
[Black "Pasti, Aron"]
[Result "1/2-1/2"]
[WhiteElo "2256"]
[BlackElo "2410"]
[PlyCount "154"]
[EventDate "2023.12.12"]
[EventType "swiss"]
[EventRounds "9"]
[EventCountry "HUN"]
[SourceTitle "CB52_2023"]
[SourceDate "2023.12.27"]
[SourceVersion "1"]
[SourceVersionDate "2023.12.27"]
[SourceQuality "1"]

1. e4 e5 2. Nf3 Nc6 3. Nc3 Nf6 4. d4 exd4 5. Nxd4 Bb4 6. Nxc6 bxc6 7. Bd3 d5 8. exd5 0-0 9. 0-0 cxd5 10. h3 h6 11. Qf3 Rb8 12. Bf4 Bd6 13. b3 Bb7 14. Bxd6 Qxd6 15. Rad1 c5 16. Ne2 Rfe8 17. Rfe1 Re5 18. Ng3 d4 19. Nf5 Bxf3 20. Nxd6 Rg5 21. Be2 Rxg2+ 22. Kf1 Bd5 23. Bc4 Rh2 24. Bxd5 Nxd5 25. Kg1 Rxh3 26. Re5 Nc3 27. Rd2 Nxa2 28. Rxc5 Rc3 29. Ra5 Nb4 30. Rxa7 Rxc2 31. Rxc2 Nxc2 32. Nxf7 Rxb3 33. Rd7 d3 34. Ne5 Ne1 35. f4 Rb4 36. f5 Rb8 37. Kf2 Re8 38. Ng6 Re2+ 39. Kf1 Re8 40. Nf4 Re5 41. Ng6 Re8 42. Nf4 Nc2 43. f6 Ne3+ 44. Kg1 gxf6 45. Nxd3 Nf5 46. Nf4 Re7 47. Rd5 Ng7 48. Kf2 Kf7 49. Ra5 Ne6 50. Ng2 Rc7 51. Nh4 Rc5 52. Ra7+ Nc7 53. Kg3 Ke6 54. Nf3 Rc3 55. Ra4 Nd5 56. Re4+ Kf7 57. Kf2 f5 58. Re5 Ne7 59. Ra5 Rc6 60. Ne5+ Ke6 61. Nxc6 Nxc6 62. Ra6 Kd5 63. Kf3 Nb4 64. Rxh6 Ke5 65. Rh8 Nd5 66. Re8+ Kd4 67. Re1 Nb4 68. Re7 Nd5 69. Re2 Nc3 70. Re1 Nd5 71. Rd1+ Ke5 72. Rc1 Kd4 73. Re1 Nb4 74. Rd1+ Ke5 75. Re1+ Kd4 76. Rd1+ Ke5 77. Re1+ Kd4 1/2-1/2